FIFA World Cup Knowledge - 2018 - Statistics

General Stats
  • This quiz has been taken 39 times
  • The average score is 5 of 10
Answer Stats
Question Answer % Correct
(Roughly) How many people attended the Final Match? 78000
100%
What country hosted the 2018 FIFA World Cup Russia
100%
Which country came 3rd in the 3rd place play-off? Belgium
50%
Which country was the Winner of Group D? Croatia
50%
What country had the highest prediction of winning the tournament? Germany
50%
What was the official theme song? Live it up
50%
Which country did not qualify for the tournament? USA
50%
What prize pool did the winning country take home? $38,000,000 USD
0%
Which sponsor had the biggest success? Coco-Cola
0%
What was the worst performing team? Panama
0%
No matching quizzes found
Score Distribution
Percent of People with Each Score
Percentile by Number Answered
Your Score History
You have not taken this quiz